<?xml version="1.0" encoding="UTF-8"?>
<record
    xmlns:xsi="http://www.w3.org/2001/XMLSchema-instance"
    xsi:schemaLocation="http://www.loc.gov/MARC21/slim http://www.loc.gov/standards/marcxml/schema/MARC21slim.xsd"
    xmlns="http://www.loc.gov/MARC21/slim">

  <leader>02943cam a2200337 i 4500</leader>
  <controlfield tag="001">22664254</controlfield>
  <controlfield tag="003">OSt</controlfield>
  <controlfield tag="005">20231205142011.0</controlfield>
  <controlfield tag="008">220624s2022    nyua     b    001 0 eng  </controlfield>
  <datafield tag="010" ind1=" " ind2=" ">
    <subfield code="a">  2022941525</subfield>
  </datafield>
  <datafield tag="020" ind1=" " ind2=" ">
    <subfield code="a">9780197621363</subfield>
    <subfield code="q">(hardcover)</subfield>
  </datafield>
  <datafield tag="040" ind1=" " ind2=" ">
    <subfield code="a">DLC</subfield>
    <subfield code="b">eng</subfield>
    <subfield code="e">rda</subfield>
    <subfield code="c">DLC</subfield>
  </datafield>
  <datafield tag="042" ind1=" " ind2=" ">
    <subfield code="a">pcc</subfield>
  </datafield>
  <datafield tag="043" ind1=" " ind2=" ">
    <subfield code="a">n-us---</subfield>
  </datafield>
  <datafield tag="050" ind1="0" ind2="0">
    <subfield code="a">HF1455</subfield>
    <subfield code="b">.Z453 2022</subfield>
  </datafield>
  <datafield tag="082" ind1=" " ind2=" ">
    <subfield code="a">382</subfield>
    <subfield code="b">ZEI/T</subfield>
  </datafield>
  <datafield tag="100" ind1="1" ind2=" ">
    <subfield code="a">Zeiler, Thomas W.</subfield>
    <subfield code="e">author.</subfield>
    <subfield code="9">10039</subfield>
  </datafield>
  <datafield tag="245" ind1="1" ind2="0">
    <subfield code="a">Capitalist peace :</subfield>
    <subfield code="b">a history of American free-trade internationalism /</subfield>
    <subfield code="c">Thomas W. Zeiler.</subfield>
  </datafield>
  <datafield tag="264" ind1=" " ind2="1">
    <subfield code="a">New York, NY :</subfield>
    <subfield code="b">Oxford University Press,</subfield>
    <subfield code="c">[2022]</subfield>
  </datafield>
  <datafield tag="300" ind1=" " ind2=" ">
    <subfield code="a">x, 370 pages :</subfield>
    <subfield code="b">illustrations ;</subfield>
    <subfield code="c">25 cm</subfield>
  </datafield>
  <datafield tag="336" ind1=" " ind2=" ">
    <subfield code="a">text</subfield>
    <subfield code="b">txt</subfield>
    <subfield code="2">rdacontent</subfield>
  </datafield>
  <datafield tag="337" ind1=" " ind2=" ">
    <subfield code="a">unmediated</subfield>
    <subfield code="b">n</subfield>
    <subfield code="2">rdamedia</subfield>
  </datafield>
  <datafield tag="338" ind1=" " ind2=" ">
    <subfield code="a">volume</subfield>
    <subfield code="b">nc</subfield>
    <subfield code="2">rdacarrier</subfield>
  </datafield>
  <datafield tag="504" ind1=" " ind2=" ">
    <subfield code="a">Includes bibliographical references (pages 287-358) and index.</subfield>
  </datafield>
  <datafield tag="520" ind1=" " ind2=" ">
    <subfield code="a">"The United States pursued free trade from the Great Depression onward as part of its grand strategy of coordinating resources and policies to achieve long-term diplomatic objectives. Ever since Franklin D. Roosevelt's administration, which launched a trade policy steeped in an liberal internationalist worldview, the United States linked trade to global prosperity, to winning wars and peace, and to shaping the world order. Free trade was a cornerstone of an ideology of "capitalist peace." That concept placed trade liberalization in service to political internationalism. By pursuing freer commercial exchanges, capitalist peace ideology knitted trade to national security imperatives and political causes. To be sure, capitalists sought a particular type of global trade, just like communists did and fascists before them. But capitalists harnessed the market, rather than using the state, through free trade. Leaders believed that free trade advanced private enterprise and thus the cause of capitalist peace, which, in turn, promoted prosperity, democracy, security, and attendant by-products like development, cooperation, integration, and human rights. In so doing, the capitalist peace paradigm - with a core of liberal internationalist principles that were ever changing to meet new circumstances and pressures - projected US power, interests, and values into the international arena even as capitalism brought both positive and negative results to the global order. This book shows that free trade internationalism has always been contested - by protectionists in particular but by nations of the global South as well, yet even the skeptics acknowledged the force of capitalist peace thinking"--</subfield>
    <subfield code="c">Provided by publisher.</subfield>
  </datafield>
  <datafield tag="650" ind1=" " ind2="0">
    <subfield code="a">Free trade</subfield>
    <subfield code="z">United States.</subfield>
  </datafield>
  <datafield tag="650" ind1=" " ind2="0">
    <subfield code="a">Capitalism</subfield>
    <subfield code="z">United States.</subfield>
  </datafield>
  <datafield tag="906" ind1=" " ind2=" ">
    <subfield code="a">7</subfield>
    <subfield code="b">cbc</subfield>
    <subfield code="c">orignew</subfield>
    <subfield code="d">2</subfield>
    <subfield code="e">epcn</subfield>
    <subfield code="f">20</subfield>
    <subfield code="g">y-gencatlg</subfield>
  </datafield>
  <datafield tag="942" ind1=" " ind2=" ">
    <subfield code="2">ddc</subfield>
    <subfield code="c">BK</subfield>
    <subfield code="h">382</subfield>
    <subfield code="i">ZEI/C</subfield>
    <subfield code="k">382</subfield>
    <subfield code="m">ZEI/C</subfield>
  </datafield>
  <datafield tag="952" ind1=" " ind2=" ">
    <subfield code="0">0</subfield>
    <subfield code="1">0</subfield>
    <subfield code="2">ddc</subfield>
    <subfield code="4">0</subfield>
    <subfield code="7">0</subfield>
    <subfield code="8">SOCIAL SCIENCE</subfield>
    <subfield code="a">MES</subfield>
    <subfield code="b">MES</subfield>
    <subfield code="c">HIS</subfield>
    <subfield code="d">2023-12-05</subfield>
    <subfield code="l">0</subfield>
    <subfield code="o">382 ZEI/T</subfield>
    <subfield code="p">43988</subfield>
    <subfield code="r">2023-12-05 14:20:40</subfield>
    <subfield code="v">1495.00</subfield>
    <subfield code="w">2023-12-05</subfield>
    <subfield code="y">BK</subfield>
    <subfield code="z">GL42R2</subfield>
  </datafield>
  <datafield tag="999" ind1=" " ind2=" ">
    <subfield code="c">43807</subfield>
    <subfield code="d">43807</subfield>
  </datafield>
</record>
